000 00504nam a2200145Ia 4500
003 OSt
005 20260226090757.0
008 211028s2019 xx 000 0 und d
040 _cAIMIT LIBRARY
041 _aeng
100 _aLobo, Joy Avinash;Suresh, Rajini.
_g1716081
_98059
245 _aStudy on the impact of brand awareness on consumer buying behaviour with special reference to notebooks from karavali colour cartoons Ltd (KCC) /
260 _aMangalore
_bDivya Pereira
_c2019
942 _2ddc
_cPRO
999 _c219627
_d219627